000 00241nam a2200097Ia 4500
001 688752
005 20250826161621.0
008 250824s9999 xx 000 0 und d
245 0 _aÇAYA DÜŞEN DEM
_cİSMAİL SAYDAM
260 _bHAYAT YAYINLARI
999 _c688752
_d688752